书目信息 |
| 题名: |
水粉
|
|
| 作者: | 马瑶 编著 | |
| 分册: | ||
| 出版信息: | 重庆 西南师范大学出版社 1998.04 |
|
| 页数: | 47页 | |
| 开本: | 16开 | |
| 丛书名: | ||
| 单 册: | ||
| 中图分类: | J215 | |
| 科图分类: | ||
| 主题词: | 绘画--技法(美术) | |
| 电子资源: | ||
| ISBN: | 7-5621-1733-0 | |
| 000 | 00523nam0 2200193 45 | |
| 001 | 0010040942 | |
| 005 | 20010416094108.0 | |
| 010 | @a7-5621-1733-0@d24.00元 | |
| 100 | @a20001004d1998 km y0chiy0120 ea | |
| 101 | 0 | @achi |
| 105 | @a z 000yy | |
| 200 | 1 | @a水粉@AShui Fen@f马瑶 编著@FMa Yao Bian Zhu |
| 210 | @a重庆@c西南师范大学出版社@d1998.04 | |
| 215 | @a47页@d16开 | |
| 606 | 0 | @a绘画@x技法(美术) |
| 690 | @aJ215@v3 | |
| 701 | 0 | @a马瑶@4编著 |
| 801 | @aCN@bPftUser@c20001004 | |
| 905 | @dJ215@eM.153@b338439-442@f4 | |
| 水粉/马瑶 编著.-重庆:西南师范大学出版社,1998.04 |
| 47页;16开 |
| ISBN 7-5621-1733-0:24.00元 |
| ● |
| 相关链接 |
|
|
|
正题名:水粉
索取号:J215/M.153
 
预约/预借
| 序号 | 登录号 | 条形码 | 馆藏地/架位号 | 状态 | 备注 |
| 1 | 338439 | 203384391 | 社科库309/309社科库 72排1列4层/ [索取号:J215/M.153] | 在馆 | |
| 2 | 338440 | 203384408 | 自科二线404/309社科库 72排1列4层/ [索取号:J215/M.153] | 在馆 | |
| 3 | 338441 | 203384417 | 社科库309/ [索取号:J215/M.153] | 在馆 | |
| 4 | 338442 | 203384426 | 社科库309/309社科库 72排1列4层/ [索取号:J215/M.153] | 在馆 |